000 02337cam a2200193 4500500
005 20251228050652.0
041 _afre
042 _adc
100 1 0 _aBandeira, Lourdes Maria
_eauthor
700 1 0 _aHirata, Helena
_eauthor
245 0 0 _aQue vont devenir les actions du Secrétariat de politique pour les femmes (SPM) au Brésil ?
260 _c2016.
500 _a52
520 _aLes luttes féministes et les luttes de femmes pour l’égalité des sexes sont à l’origine d’une série de dispositions internationales remontant à plus d’un demi-siècle, qui visent à combattre les discriminations. Grâce aux luttes sociales, elles ont été ratifiées par le Brésil et ont conduit, au cours des vingt dernières années, à l’adoption de multiples outils en faveur de l’égalité des sexes. Toutefois, comme le montre cet article, les dispositions légales en question ne suffisent pas à éliminer les inégalités qui pèsent sur la vie professionnelle des femmes.
520 _aFeminist struggles and the struggles of women for gender equality have sparked a series of international measures that go back over half a century, aimed at fighting discrimination. Thanks to social struggles, these have been ratified by Brazil and have led, over the course of the past twenty years, to the adoption of numerous tools for the promotion of gender equality. However, as this article shows, the legal provisions in question are not enough to cancel out the inequalities weighing upon women’s professional lives.
520 _aLas luchas feministas y las luchas de mujeres para la igualdad de sexos se encuentran al origen de una serie de disposiciones internacionales remontándose a más de cincuenta años, que pretenden combatir las discriminaciones. Gracias a las luchas sociales, han estado ratificadas por Brasil y han llevado, en los últimos veinte años, a la adopción de varias herramientas en favor de la igualdad de sexos. Sin embargo, como lo muestra este artículo, las disposiciones legales en cuestión no son suficientes para eliminar las desigualdades que pesan sobre la vida profesional de las mujeres.
786 0 _nCahiers du Genre | HS 4 | 3 | 2016-10-01 | p. 243-246 | 1298-6046
856 4 1 _uhttps://shs.cairn.info/revue-cahiers-du-genre-2016-3-page-243?lang=fr&redirect-ssocas=7080
999 _c1580917
_d1580917